| 000 | 00601nam a2200241 a 4500 | ||
|---|---|---|---|
| 001 | nice12345678 | ||
| 003 | IN_TiNIC | ||
| 005 | 20260116011725.0 | ||
| 008 | 050524s1970 bana grp 000 0 urd | ||
| 020 |
_a _c0.75 |
||
| 082 | 0 | 0 |
_a297.7 _bNAD2 |
| 100 | _aNadwi, M Shahabuddin | ||
| 245 | _aQuran Ka Paigham Hindi Musalmanon Ke Naam | ||
| 260 |
_aBangalore _bFurqania Academy Trust _c1970 |
||
| 300 | _a48p | ||
| 500 | _aincludes index and biblioraphy | ||
| 505 | 2 | _aIndex | |
| 650 | _aDawah-Islam | ||
| 700 | 1 | _aNadwi, M Shahabuddin | |
| 902 | _bSRS | ||
| 942 | _cBK | ||
| 999 |
_c3548 _d3548 |
||